History Quiz

Random History or Quote Quiz

Freedom In Speech Quiz Stats

 Plays Quiz Updated Nov 22, 2016

Challenge
Share
Tweet
Embed
Score 0/26 Timer 08:00
0 Plays Today
Excerpt of Speech Word % Correct
Now, therefore, I ... do grant a full, free, and absolute ______ unto Richard Nixon for all offenses against the United States …pardon
79.2%
I believe that for the first time in _______, ... countries want to renounce part of their sovereignty ... in order to transfer that sovereignty to a supranational structure.history
79.1%
Ireland, as you may know, is in my _____. My mother was born in the flat above her grandmother's hardware shop on the main street of Ballyshannon in Donegal.blood
78.6%
Today at 4 o'clock a.m., without any claims having been presented to the Soviet Union, without a declaration of war, ______ troops attacked our country...German
78.5%
… I have found it impossible to carry the heavy burden of responsibility and to discharge my duties as ___ as I would wish to do without the help and support of the woman I love.King
75.5%
… you will forget the differences between the Hindus and Muslims, and think of yourselves as _______ only, engaged in the common struggle for independence.Indians
75.1%
For forty years you heard from my predecessors how our country was flourishing.… I assume you did not propose me for this office so that I, too, would ___ to you. lie
73.5%
But has the last ____ been said? Must hope disappear? Is defeat final? No!word
73.5%
I will … dare to call in question and to denounce, with all the emphasis I can command, everything that serves to perpetuate _______ -- the great sin and shame of America!slavery
72.4%
These are very serious and pregnant _________. Upon the answer to them depends the peace of the world.questions
70.8%
But why, some say, the ____? Why choose this as our goal? And they may well ask why climb the highest mountain?moon
68.9%
Having now finished the work assigned me, I ______ from the great theatre of Action; ... I here offer my Commission, and take my leave of all the employments of public life.retire
61.4%
… if we fail, then the whole world, including the United States, including all that we have known and cared for, will sink into the _____ of a new Dark Age.abyss
60.8%
Excerpt of Speech Word % Correct
My fellow citizens, for the last nine days, the entire world has seen for itself the state of our _____, and it is strong.union
60.1%
The Bill of Rights remains inviolate. The freedom of elections is wholly maintained. Prophets of the downfall of American ________ have seen their dire predictions come to naught.democracy
53.4%
Hear me, my Chiefs! I am tired; my heart is sick and sad. From where the sun now stands I will _____ no more forever.fight
51.1%
If this position is not impaired, then no single state, and therefore no state at all, will have a stranglehold on the _______ vein of other nations.jugular
50.1%
Everyone in Europe must respect the law, and the governments must respect human rights, including those of minorities. Racism and __________ have no place in Europe.xenophobia
49.9%
It shall be my work this evening to prove to you that in thus _______, I not only committed no crime, but, instead, simply exercised my citizen's rights…voting
44.8%
By agreement with our allies in the Warsaw Pact, we have made the decision to withdraw six ____ divisions from the GDR, Czechoslovakia, and Hungary, and to disband them by 1991.tank
43.5%
...let us strive on to finish the work we are in, to bind up the nation's wounds, to care for him who shall have borne the battle and for his widow and his ______.orphan
41.5%
There are many things to be done to set this nation on the road to recovery, and I do not mean economic recovery alone, but a new independence of spirit and ____ for achievement.zest
38.1%
People of Western Europe: A landing was made this morning on the coast of France by troops of the Allied ____________ Force.Expeditionary
37.8%
We have also come to this hallowed spot to remind America of the fierce urgency of ___.now
26.5%
The right of a people to decide their own destiny, to make their way in freedom, is not to be measured by the ________ of colour or degree of social development.yardstick
11.6%
... I am attracted by the idea of a ________ society, an attraction which springs in part from Marxist reading and, in part, from my admiration of ... early African societies...classless
10.7%

You're not logged in!

Compare scores with friends on all Sporcle quizzes.
Join for Free
OR
Log In

You Might Also Like...

Show Comments

Extras

Top Quizzes Today


Score Distribution

Your Account Isn't Verified!

In order to create a playlist on Sporcle, you need to verify the email address you used during registration. Go to your Sporcle Settings to finish the process.

Report this User

Report this user for behavior that violates our Community Guidelines.

Details: